00210nam a22001097a 4500003000400000020000800004082000800012100002300020245002500043260002400068300000800092SGT a330 aTOD aTODARO, MICHAEL P. aECONOMIC DEVELOPMENT aPEARSON INDIAc2017 a860